Science Quiz

Random Science or Astronomy Quiz

Solar System Bodies by Size Quiz Stats

 Plays Quiz Updated Sep 22, 2021

Support Sporcle.
Go Orange.
Score 0/35 Timer 10:00
0 Plays Today
Type % Correct
StarSun
98.8%
PlanetJupiter
97.5%
PlanetSaturn
96.9%
PlanetUranus
95.6%
PlanetEarth
95.5%
PlanetNeptune
94.7%
PlanetVenus
94.7%
PlanetMars
94.5%
PlanetMercury
88.3%
Moon (Earth)Earth's Moon
78.5%
Dwarf PlanetPluto
77.5%
Moon (Jupiter)Io
56.2%
Moon (Saturn)Titan
56.1%
Moon (Jupiter)Ganymede
49.9%
Moon (Jupiter)Europa
45.2%
Moon (Jupiter)Callisto
34.8%
Moon (Neptune)Triton
31.6%
Moon (Pluto)Charon
27%
Type % Correct
Dwarf PlanetEris
24.6%
Dwarf PlanetCeres
22.5%
Moon (Uranus)Titania
18.7%
Dwarf PlanetMakemake
17.3%
Moon (Uranus)Oberon
16.5%
Moon (Saturn)Rhea
13.9%
Dwarf PlanetHaumea
13.1%
Moon (Uranus)Ariel
12.1%
Moon (Uranus)Umbriel
11.1%
Moon (Saturn)Iapetus
10.3%
Moon (Saturn)Dione
9.4%
Moon (Saturn)Tethys
9%
Dwarf PlanetGonggong
8.9%
Detached ObjectSedna
8.4%
Dwarf PlanetQuaoar
7.6%
Dwarf PlanetOrcus
6.3%
Dwarf PlanetSalacia
5.7%

From the Vault

Bon Jovi Albums

by Ben

Music 5m
The hair, the leather pants, the boys from Jersey. How well do you know the band - BON JOVI!
Remove Ads.
Support Sporcle.
Get the best of Sporcle when you Go Orange. This ad-free experience offers more features, more stats, and more fun while also helping to support Sporcle. Thank you for becoming a member.

Show Comments

Extras

Top Quizzes Today


Score Distribution

Your Account Isn't Verified!

In order to create a playlist on Sporcle, you need to verify the email address you used during registration. Go to your Sporcle Settings to finish the process.

Report this User

Report this user for behavior that violates our Community Guidelines.

Details: